Die 88 größten Städte in Bangladesch - Statistiken

Allgemein
  • Dieses Quiz wurde 4 mal gespielt
  • Das Durchschnittsergebnis liegt bei 6 aus 88
Antwortstatistiken
Hilfe Stadt 👥 % Korrekt
D5 Dhaka 10 300 000
100%
C10 Chittagong 3 200 000
75%
K6 Khulna 719 000
50%
R8 Rajshahi 553 000
50%
S6 Sylhet 533 000
50%
B8 Barishal 419 000
25%
B7 Bhairab 156 000
25%
B5 Bogra 486 000
25%
C4 B5 Cox’s Bazar 196 000
25%
J8 Jamalpur 159 000
25%
K10 Kishorganj 138 000
25%
K7 Kumilla 440 000
25%
M11 Maimansingh 577 000
25%
N11 Narayanganj 968 000
25%
R7 Rangpur 708 500
25%
S7 Sherpur 124 000
25%
B8 Belkuchi 80 000
0%
B4 Bera 63 000
0%
B9 Boalkhali 79 300
0%
B12 Brahmanbaria 264 000
0%
C8 Chakaria 94 300
0%
C8 Chandpur 203 000
0%
C10 Chaumohoni 100 000
0%
C9 Chuadanga 98 000
0%
D8 Debidwar 72 000
0%
D7 Dhamrai 81 200
0%
D8 Dinajpur 212 000
0%
F8 Faridpur 237 000
0%
F4 Feni 234 000
0%
G8 Gaibanda 79 200
0%
G7 Gazipur 2 700 000
0%
G9 Ghorashal 102 000
0%
G9 Gopalganj 109 000
0%
H8 Habiganj 86 000
0%
H8 Habiganj 79 400
0%
H10 Haragachha 60 000
0%
H9 Hathazari 94 200
0%
I8 Ishwardi 81 100
0%
J9 Jaipurhat 85 000
0%
J7 Jessore 209 000
0%
J9 Jhalokati 68 100
0%
J9 Jhinaidah 140 000
0%
K9 Kaliakair 249 000
0%
K8 Kaliganj 60 500
0%
K8 Kurigram 91 000
0%
K7 Kushtia 222 000
0%
L7 Laksham 95 000
0%
L10 Lakshmipur 132 200
0%
L11 Lalmonirhat 67 000
0%
M9 Madaripur 89 000
0%
M8 Madhabdi 74 000
0%
M8 Madhupur 64 000
0%
M6 Magura 114 000
0%
M9 Manikganj 97 000
0%
M6 Matlab 65 700
0%
M11 Moulvibazar 68 300
0%
M11 Muktagachha 61 000
0%
M9 Munsiganj 93 000
0%
N9 Nabinagar 68 200
0%
N10 Nageshwari 66 000
0%
N7 Naogaon 179 000
0%
N7 Naohata 66 500
0%
N9 Narsingdi 181 000
0%
N6 Natore 87 000
0%
N9 Nawabganj 201 000
0%
N8 Nazirhat 68 300
0%
N9 Netrokona 122 000
0%
N10 Nilphamari 75 400
0%
N8 Noakhali 132 000
0%
N7 Noapara 96 000
0%
P5 Pabna 176 000
0%
P6 Patiya 66 800
0%
P10 Patuakhali 83 000
0%
P8 Pirojpur 73 000
0%
R7 Rajbari 65 000
0%
R9 Rangamati 106 000
0%
R6 Raozan 70 000
0%
S6 Sabhar 384 000
0%
S7 Saidpur 144 000
0%
S8 Satkhira 138 300
0%
S10 Shahzadpur 76 000
0%
S10 Shariatpur 70 500
0%
S9 Sirajganj 189 000
0%
S6 Sripur 259 000
0%
S9 Sunamganj 75 000
0%
T7 Tangail 213 000
0%
T6 Tarabo 198 000
0%
T10 Thakurgaon 100 400
0%
Keine übereinstimmenden Quizze gefunden
Verteilung der Resultate
Anzahl Personen mit jedem Resultat
Perzentil nach korrekt beantworteten Fragen
Ihre Resultats-Entwicklung
Sie haben dieses Quiz noch nicht gespielt